zpět

Detail výsledku týmu

Forrum, Brno

Datum a čas kvízu

23.5 Celkem bodů Celkový počet nahraných bodů na tomto kvízu bez doplňovacích otázek.
5. Pořadí na kvízu Konečné umístění týmu na tomto kvízu.

Zaznamenané odpovědi

# Otázka Odpověď Body Výsledky
1. Zástupci organizace Liga Libe... v roušce 0
2. Spojené státy americké v úterý... Světová zdravotnická organizace (WHO) 1
3. V pondělí zemřel hudební sklad... 91 let 0
4. V pátek v San Francisku proběh... Jevgenij Nikulin 1
5. Stáj Renault minulý týden ohlá... Fernando Alonso 1
6. Různé návykové látky jsou užív... zelená, peprmintka 0
7. Tabákové listy obsahují návyko... viržinský 1
8. Konopí se odpradávna používá j... kanabinoidy 0
9. Znáte nebo dokážete odvodit ná... Heroin 0
10. Kokain je získáván z listů tro... D 1